000 00769nam a22002177a 4500
005 20081021101851.0
008 081021t xxu||||| |||| 00| 0 eng d
010 _aENG-84198
020 _a0195674448
020 _c595.00 (hb)
035 _aEN-67731
082 _a641.3
245 _a<The> Table is laid :
_bthe Oxford anthology of South Asian food writing /
_cedited by John Thieme and Ira Raja
260 _aNew Delhi
_bOxford University Press
260 _c2007
300 _aiv,384p
_c22cm
700 _aRaja, Era
_ced
700 _aThieme, John
_ced
942 _2ddc
_cEN
_h641.3
_mTAB
999 _c17160
_d17160